Information systems through COBOL

Bibliographic Details
Format: Book

MARC

LEADER 00000cam a2200000 7i4500
001 0000008182
002 000008924
005 20000330.0
020 |a 0070497915 
090 0 0 |a 001.6424   |b PHI 
245 1 0 |a Information systems through COBOL 
999 |a 0005048   |b BUKU   |c PINJAMAN   |e PERPUSTAKAAN KOMUNITI PETALING JAYA